Normal view
MARC view
- FINITE ELEMENT METHODS.FEM-CONCEPTS AND APPLICATIONS
Entry Topical Term
001 - CONTROL NUMBER
- control field: 68709
003 - CONTROL NUMBER IDENTIFIER
- control field: NUST
005 - DATE AND TIME OF LATEST TRANSACTION
- control field: 20210628204107.0
008 - FIXED-LENGTH DATA ELEMENTS
- fixed length control field: 210628|| aca||aabn | a|a d
040 ## - CATALOGING SOURCE
- Original cataloging agency: NUST
- Transcribing agency: NUST
150 ## - HEADING--TOPICAL TERM
- Topical term or geographic name entry element: FINITE ELEMENT METHODS.FEM-CONCEPTS AND APPLICATIONS
670 ## - SOURCE DATA FOUND
- Source citation: Work cat.: (NUST): Deb, Debasis 68708, Finite element methods , concepts and applications in geomechanics, 2012
